<?xml version="1.0" encoding="UTF-8"?>
<record
    xmlns:xsi="http://www.w3.org/2001/XMLSchema-instance"
    xsi:schemaLocation="http://www.loc.gov/MARC21/slim http://www.loc.gov/standards/marcxml/schema/MARC21slim.xsd"
    xmlns="http://www.loc.gov/MARC21/slim">

  <leader>03041nam a2200409Ia 4500</leader>
  <controlfield tag="001">2181</controlfield>
  <controlfield tag="008">230305s2014    xx            000 0 und d</controlfield>
  <datafield tag="020" ind1=" " ind2=" ">
    <subfield code="a">9780415895996</subfield>
  </datafield>
  <datafield tag="041" ind1=" " ind2=" ">
    <subfield code="a">eng</subfield>
  </datafield>
  <datafield tag="245" ind1=" " ind2="0">
    <subfield code="a">Doing business in Latin America</subfield>
  </datafield>
  <datafield tag="260" ind1=" " ind2=" ">
    <subfield code="a"></subfield>
    <subfield code="b">Routledge,</subfield>
    <subfield code="c">2014</subfield>
  </datafield>
  <datafield tag="300" ind1=" " ind2=" ">
    <subfield code="a">xvi, 296 pages ; 25 cm.</subfield>
  </datafield>
  <datafield tag="500" ind1=" " ind2=" ">
    <subfield code="a">challenges and opportunities</subfield>
  </datafield>
  <datafield tag="505" ind1=" " ind2=" ">
    <subfield code="a">1. Introduction  </subfield>
    <subfield code="r">2. Current Business Environment  --</subfield>
    <subfield code="r">3. Historical Perspective on Doing Business in LA  --</subfield>
    <subfield code="r">4. Cultural Issues Affecting Business Activity in LA  --</subfield>
    <subfield code="r">5. The Impact of Technology on Business in LA  --</subfield>
    <subfield code="r">6. Regional Political Factors Affecting Business Ventures  --</subfield>
    <subfield code="r">7. What is The Economic Climate in Latin America?  --</subfield>
    <subfield code="r">8. Establishing Businesses In Latin America  --</subfield>
    <subfield code="r">9. The Marketing Process  --</subfield>
    <subfield code="r">10. The Marketing Mix -Global Marketing  --</subfield>
    <subfield code="r">11. Conclusions and The Future--</subfield>
  </datafield>
  <datafield tag="520" ind1=" " ind2=" ">
    <subfield code="a">Success in today's globalized business environment requires deep knowledge of varied areas, and the willingness to engage in commerce not just across geographic areas, but cross-culturally and environmentally as well. Doing Business in Latin America offers an in-depth look at a complex region, integrating practitioners' and scholars' ideas to examine business conducted in Latin America through the lens of international business and globalization. ;  ; The book introduces, discusses, and explains in detail the historical, economic, cultural, political, and technological impacts of globalization and business conduct in Latin American countries. It also considers the contemporary business environment of the area, looking at how current country and regional factors have affected the process of starting and operating businesses. Finally, it looks forward to the emerging trends that portend the future of business in these countries. ;  ; With its combination of contemporary analysis and historical discussion, this book is a vital tool to all scholars and practitioners with an interest in the opportunities offered by the current Latin American business environment.</subfield>
  </datafield>
  <datafield tag="650" ind1=" " ind2="0">
    <subfield code="a">New business enterprises </subfield>
    <subfield code="z">Latin America</subfield>
    <subfield code="9">5310</subfield>
  </datafield>
  <datafield tag="650" ind1=" " ind2="0">
    <subfield code="a">Corporate culture</subfield>
    <subfield code="z">United States</subfield>
    <subfield code="9">5311</subfield>
  </datafield>
  <datafield tag="650" ind1=" " ind2="0">
    <subfield code="a">Marketing</subfield>
    <subfield code="z">United States</subfield>
    <subfield code="9">5312</subfield>
  </datafield>
  <datafield tag="650" ind1=" " ind2=" ">
    <subfield code="a">Latin America Economic conditions 1945-</subfield>
    <subfield code="9">5313</subfield>
  </datafield>
  <datafield tag="650" ind1=" " ind2="0">
    <subfield code="a">Corporate culture</subfield>
    <subfield code="9">5314</subfield>
  </datafield>
  <datafield tag="650" ind1=" " ind2="0">
    <subfield code="a">Economic history</subfield>
    <subfield code="9">5315</subfield>
  </datafield>
  <datafield tag="650" ind1=" " ind2="0">
    <subfield code="a">New business enterprises</subfield>
    <subfield code="9">2621</subfield>
  </datafield>
  <datafield tag="650" ind1=" " ind2=" ">
    <subfield code="a">Marketing</subfield>
    <subfield code="9">1020</subfield>
  </datafield>
  <datafield tag="650" ind1=" " ind2=" ">
    <subfield code="a">Latin America</subfield>
    <subfield code="9">5317</subfield>
  </datafield>
  <datafield tag="650" ind1=" " ind2=" ">
    <subfield code="a"></subfield>
    <subfield code="9">2</subfield>
  </datafield>
  <datafield tag="650" ind1=" " ind2="0">
    <subfield code="a">Economy</subfield>
    <subfield code="x">History</subfield>
    <subfield code="9">12408</subfield>
  </datafield>
  <datafield tag="700" ind1=" " ind2=" ">
    <subfield code="a">Garita, Mauricio,</subfield>
    <subfield code="e">Author</subfield>
    <subfield code="9">20914</subfield>
  </datafield>
  <datafield tag="700" ind1=" " ind2=" ">
    <subfield code="a">Spillan, John E.,</subfield>
    <subfield code="e">Author</subfield>
    <subfield code="9">20915</subfield>
  </datafield>
  <datafield tag="700" ind1=" " ind2=" ">
    <subfield code="a">Virzi, Nicholas,</subfield>
    <subfield code="e">Author</subfield>
    <subfield code="9">20916</subfield>
  </datafield>
  <datafield tag="856" ind1=" " ind2=" ">
    <subfield code="u">https://books.google.es/books?id=S7FEAwAAQBAJ&amp;printsec=frontcover&amp;dq=doing+business+in+latin+america&amp;hl=es&amp;sa=X&amp;ved=0ahUKEwj865fruofbAhXFPBQKHaCCCVsQ6AEIJzAA#v=onepage&amp;q=doing%20business%20in%20latin%20america&amp;f=false</subfield>
  </datafield>
  <datafield tag="902" ind1=" " ind2=" ">
    <subfield code="a">852</subfield>
  </datafield>
  <datafield tag="905" ind1=" " ind2=" ">
    <subfield code="a">m</subfield>
  </datafield>
  <datafield tag="912" ind1=" " ind2=" ">
    <subfield code="a">2014-01-01</subfield>
  </datafield>
  <datafield tag="942" ind1=" " ind2=" ">
    <subfield code="a">1</subfield>
  </datafield>
  <datafield tag="952" ind1=" " ind2=" ">
    <subfield code="0">0</subfield>
    <subfield code="1">0</subfield>
    <subfield code="4">0</subfield>
    <subfield code="7">0</subfield>
    <subfield code="a">TBS</subfield>
    <subfield code="b">TBS</subfield>
    <subfield code="c">26</subfield>
    <subfield code="d">2019-06-28</subfield>
    <subfield code="l">0</subfield>
    <subfield code="o">HC125 SPI</subfield>
    <subfield code="p">B00612</subfield>
    <subfield code="r">2023-03-13</subfield>
    <subfield code="w">2023-03-05</subfield>
    <subfield code="y">1</subfield>
  </datafield>
  <datafield tag="953" ind1=" " ind2=" ">
    <subfield code="d">2018-05-15 12:01:05</subfield>
  </datafield>
  <datafield tag="999" ind1=" " ind2=" ">
    <subfield code="c">901</subfield>
    <subfield code="d">901</subfield>
  </datafield>
</record>
